000 00449nam a2200157Ia 4500
005 20250508155814.0
008 008 250505s9999 xx 000 0 hin d
037 _aTextual
040 _aFEDL
_beng
_cFEDL
041 _ahin
_2eng
084 _a944.04, JAM
_qFEDL
245 0 _aFrance ki kranti ki kahani
260 _aNew Delhi, India
_bJamiya Miliya Islamiya University
942 _cTEXL
_h944.04, JAM
999 _c1359369
_d1359369